000 00561cam a22002052 4500
001 0000002020
005 20151217151837.0
008 070330s xx 000 0 eng d
040 _aKABU
_cKABU
050 0 _aHD2731
_b.B76 2003
100 1 _aBrowning, Robert.
_@0000012930
245 1 0 _aSetting and running a limited company.
250 _a4th ed.
260 _aOxford :
_bHow to Books,
_c2003.
300 _a189 p.
650 0 _aCorporations.
_@0000151205
908 _a070330
950 _@1
999 _c5593
_d5593